000 00553nam a2200193Ia 4500
008 240729s9999 xx 000 0 und d
022 _a2768-6566
245 0 _aJEADV Clinical Practice
260 _aUnited Kingdom
260 _bWiley
650 _a Dermatology | Medicine
650 _a Diseases of the genitourinary system. Urology
650 _a Internal medicine
650 _a Specialties of internal medicine
650 _aMedicine
856 _uhttps://doaj.org/toc/8885001021234472866c3eeffe9de50e
942 _2ddc
942 _cDOAJEJ
999 _c72728
_d72728
945 _a1
_bMadushi Gamage
_c1
_dMadushi Gamage